All countries with territory between Tropic of Cancer and Capricorn - Statistics

General Stats
  • This quiz has been taken 17 times
  • The average score is 94 of 118
Answer Stats
Continent Country % Correct
South America Brazil
100%
South America Chile
100%
Asia India
100%
South America Bolivia
91%
Asia Brunei
91%
Africa Central African Republic
91%
Asia China
91%
South America Colombia
91%
Africa Egypt
91%
North America Guatemala
91%
Asia Indonesia
91%
Asia Malaysia
91%
North America Mexico
91%
Asia Myanmar
91%
South America Peru
91%
Asia Singapore
91%
Africa South Sudan
91%
Africa Sudan
91%
North America United States
91%
Africa Algeria
82%
Africa Angola
82%
North America Antigua and Barbuda
82%
South America Argentina
82%
North America Belize
82%
Africa Botswana
82%
Africa Burundi
82%
Asia Cambodia
82%
Africa Chad
82%
North America Cuba
82%
Africa Democratic Republic of the Congo
82%
Africa Djibouti
82%
North America Dominican Republic
82%
Asia East Timor
82%
South America Ecuador
82%
Africa Equatorial Guinea
82%
Africa Eritrea
82%
Africa Ethiopia
82%
Oceania Fiji
82%
Africa Gambia
82%
Africa Guinea
82%
Africa Guinea-Bissau
82%
North America Honduras
82%
Africa Ivory Coast
82%
Asia Maldives
82%
Africa Mali
82%
Africa Mauritania
82%
Africa Morocco
82%
Oceania Nauru
82%
Africa Niger
82%
Africa Nigeria
82%
Asia Oman
82%
North America Panama
82%
Oceania Papua New Guinea
82%
South America Paraguay
82%
Asia Philippines
82%
Africa Republic of the Congo
82%
Africa Rwanda
82%
Asia Saudi Arabia
82%
Africa Senegal
82%
Africa Seychelles
82%
Africa Somalia
82%
Africa South Africa
82%
Asia Sri Lanka
82%
South America Suriname
82%
Asia Taiwan
82%
Oceania Tonga
82%
Oceania Tuvalu
82%
South America Venezuela
82%
Asia Vietnam
82%
Asia Yemen
82%
Oceania Australia
73%
Asia Bangladesh
73%
North America Barbados
73%
Africa Benin
73%
Africa Cameroon
73%
Africa Cape Verde
73%
Africa Comoros
73%
North America Costa Rica
73%
North America Dominica
73%
North America El Salvador
73%
Africa Gabon
73%
Africa Ghana
73%
South America Guyana
73%
North America Haiti
73%
North America Jamaica
73%
Africa Kenya
73%
Oceania Kiribati
73%
Asia Laos
73%
Africa Liberia
73%
Africa Libya
73%
Africa Madagascar
73%
Africa Malawi
73%
Oceania Marshall Islands
73%
Africa Mauritius
73%
Africa Mozambique
73%
Africa Namibia
73%
North America Nicaragua
73%
Oceania Palau
73%
North America Saint Kitts and Nevis
73%
North America Saint Lucia
73%
North America Saint Vincent and the Grenadines
73%
Oceania Samoa
73%
Africa Tanzania
73%
Asia Thailand
73%
Africa Togo
73%
North America Trinidad and Tobago
73%
Africa Uganda
73%
Asia United Arab Emirates
73%
Oceania Vanuatu
73%
Africa Zambia
73%
Africa Zimbabwe
73%
North America Bahamas
64%
Africa Burkina Faso
64%
Oceania Federated States of Micronesia
64%
North America Grenada
64%
Africa São Tomé and Príncipe
64%
Africa Sierra Leone
64%
Oceania Solomon Islands
64%
No matching quizzes found
Score Distribution
Percent of People with Each Score
Percentile by Number Answered
Your Score History
You have not taken this quiz